| 000 | 00931nam a22002657a 4500 | ||
|---|---|---|---|
| 003 | SEM | ||
| 005 | 20251201160803.0 | ||
| 008 | 251002s1991 ai ||||gr||||||01|||arm|d | ||
| 020 | _a5010031949 | ||
| 040 |
_aSEM _cSEM |
||
| 041 |
_arus _heng |
||
| 080 | _a92։947/К-12К | ||
| 100 | _aКаган, Стюарт | ||
| 245 |
_aКремлевский волк / _cС. Каган ; Ред․։ Е. М. Кожокин ; Пер․։ Н․ С․ Серегин |
||
| 246 | _aThe wolf of the kremlin / | ||
| 260 |
_aМосква : _b«Прогрес», _c1991. |
||
| 300 |
_a304 с. ; _c21 см |
||
| 600 | _aКаганович, Лазарь Моисеевич | ||
| 650 |
_aИстория _xБиография _zСССР |
||
| 650 | _aРепрессии 30-40-х | ||
| 653 | _aՍԷՄ | ||
| 700 |
_aКожокин, Е. М. _eред․ _4edt. |
||
| 700 |
_aСерегин, Н․ С․ _eпер․ _4trl. |
||
| 942 |
_2udc _cBK _n0 |
||
| 999 |
_c77016 _d77016 |
||